000 00622nam a2200253Ia 4500
005 20260330155109.0
008 008 300114s9999 xx 000 0 eng d
020 _a9781118651384
037 _aEBOOK
040 _aCRL
040 _beng
040 _cCRL
041 _2eng
041 _aeng
084 _qCRL
245 0 _aTwentieth-Century Europe: A Brief History, 1900 to the Present, 3rd Edition
260 _bWiley
260 _c2014
650 _aHistory
856 _uhttps://wileysgp.ipublishcentral.net/product-details/18005
942 _cEBOOK
999 _c1843881
_d1843881